| 000 | 00522nam a2200169Ia 4500 | ||
|---|---|---|---|
| 008 | 230917s9999||||xx |||||||||||||| ||und|| | ||
| 020 | _cRS 500.00 | ||
| 040 |
_e5013634 _aMAIN |
||
| 041 | _aEnglish | ||
| 082 | _a294.592609 S23M | ||
| 100 | _aSharma, Usha Joshi | ||
| 245 | 0 | _aSmritiyon mein achar mimansa: Manu, Yajyavalkya aur parasar smriti ke sandarbh mein | |
| 260 |
_aNew Dehi _bSatyam Publishing House _c2015 |
||
| 300 | _axiii, 241 p. | ||
| 500 | _a4241 27/12/2021 SPH22/502 13/01/2022 Main Budget | ||
| 942 | _cBK | ||
| 999 |
_c3794 _d3794 |
||